Tennis Grand Slam Quarter Finalists Since 2010 - Statistics

General Stats
  • This quiz has been taken 701 times
  • The average score is 309 of 384
Answer Stats
Competition Answer % Correct
AO 2010 | AO 2011 | AO 2012 | +23 others Andy Murray
99%
AO 2010 | AO 2011 | AO 2012 | +29 others Rafael Nadal
99%
AO 2010 | AO 2011 | AO 2012 | +29 others Roger Federer
99%
AO 2010 | AO 2011 | AO 2012 | +38 others Novak Djokovic
98%
AO 2011 | AO 2014 | AO 2015 | +15 others Stan Wawrinka
95%
AO 2021 | AO 2022 | RG 2021 | +3 others Daniil Medvedev
94%
AO 2020 | AO 2021 | RG 2018 | +4 others Alexander Zverev
93%
AO 2017 Mischa Zverev
93%
AO 2010 | AO 2018 | RG 2017 | +9 others Marin Cilic
90%
AO 2020 | RG 2016 | RG 2017 | +5 others Dominic Thiem
89%
AO 2012 | RG 2012 | RG 2018 | +6 others Juan Martin del Potro
87%
AO 2010 | AO 2013 | AO 2017 | +10 others Jo-Wilfried Tsonga
86%
AO 2019 | AO 2021 | AO 2022 | +2 others Stefanos Tsitsipas
86%
AO 2011 | AO 2012 | AO 2013 | +10 others David Ferrer
84%
AO 2016 | AO 2022 | RG 2011 | +5 others Gael Monfils
84%
AO 2022 | RG 2021 | US 2019 | +2 others Matteo Berrettini
83%
US 2021 Carlos Alcaraz
81%
AO 2012 | AO 2015 | AO 2016 | +9 others Kei Nishikori
81%
AO 2022 | RG 2020 Jannik Sinner
80%
US 2011 | US 2018 | W 2018 John Isner
80%
AO 2015 | W 2014 Nick Kyrgios
79%
AO 2010 | US 2011 Andy Roddick
76%
AO 2011 | AO 2012 | AO 2013 | +13 others Tomas Berdych
76%
AO 2021 | RG 2020 | US 2017 | US 2020 Andrey Rublev
75%
AO 2014 | AO 2017 | AO 2018 | +3 others Grigor Dimitrov
75%
US 2015 | US 2017 | W 2018 Kevin Anderson
74%
AO 2015 | AO 2016 | AO 2017 | +7 others Milos Raonic
74%
RG 2016 | US 2013 | US 2015 | W 2015 Richard Gasquet
74%
AO 2022 | US 2020 | W 2021 Denis Shapovalov
67%
AO 2022 | US 2021 | W 2021 Felix Auger-Aliassime
66%
RG 2011 Fabio Fognini
65%
RG 2017 | RG 2020 | US 2017 | US 2020 Pablo Carreno Busta
65%
RG 2010 | RG 2011 | US 2010 | W 2010 Robin Soderling
63%
RG 2018 | RG 2020 | RG 2021 | +2 others Diego Schwartzman
60%
RG 2019 | W 2021 Karen Khachanov
59%
W 2021 Hubert Hurkacz
58%
AO 2019 | W 2019 Roberto Bautista Agut
58%
W 2015 Gilles Simon
57%
AO 2017 | RG 2016 | W 2019 David Goffin
56%
AO 2019 Frances Tiafoe
55%
US 2010 | W 2013 Fernando Verdasco
54%
AO 2010 Nikolay Davydenko
52%
US 2017 | W 2016 | W 2017 | W 2019 Sam Querrey
49%
US 2020 Alex de Minaur
47%
AO 2019 | US 2016 | W 2016 Lucas Pouille
47%
US 2020 Borna Coric
45%
US 2015 | W 2011 Feliciano Lopez
44%
RG 2013 Tommy Haas
43%
AO 2018 Kyle Edmund
42%
AO 2021 Aslan Karatsev
39%
RG 2014 Ernests Gulbis
39%
AO 2018 Hyeon Chung
37%
RG 2018 Marco Cecchinato
37%
W 2011 Mardy Fish
37%
US 2011 | US 2012 Janko Tipsarevic
36%
AO 2013 | RG 2010 | RG 2012 Nicolas Almagro
36%
W 2013 Jerzy Janowicz
35%
RG 2013 | US 2013 Tommy Robredo
32%
RG 2010 | US 2010 | US 2013 | W 2012 Mikhail Youzhny
31%
RG 2010 Jurgen Melzer
29%
W 2012 Philipp Kohlschreiber
29%
W 2017 Gilles Muller
28%
W 2011 Bernard Tomic
26%
RG 2016 Albert Ramos-Vinolas
23%
AO 2018 | AO 2020 Tennys Sandgren
22%
W 2015 Vasek Pospisil
22%
US 2021 Botic van de Zandschulp
21%
AO 2013 Jeremy Chardy
21%
US 2021 Lloyd Harris
21%
AO 2011 Alexandr Dolgopolov
20%
US 2018 John Millman
20%
W 2021 Marton Fucsovics
19%
RG 2021 Alejandro Davidovich Fokina
18%
W 2013 Lukasz Kubot
16%
W 2012 Florian Mayer
15%
W 2019 Guido Pella
15%
W 2010 Yen-hsun Lu
12%
RG 2011 Juan Ignacio Chela
8%
No matching quizzes found
Score Distribution
Percent of People with Each Score
Percentile by Number Answered
Your Score History
You have not taken this quiz